[Event "HUN-chT2 Szechenyi 1314"]
[Site "Hungary"]
[Date "2013.11.17"]
[Round "5.8"]
[White "Vas, Istvan"]
[Black "Kiss, Laszlo3333"]
[Result "1-0"]
[WhiteElo "1967"]
[BlackElo "1687"]
[PlyCount "81"]
[EventDate "2013.09.08"]
[EventType "team-tourn"]
[EventRounds "11"]
[EventCountry "HUN"]
[SourceTitle "EXT 2016"]
[Source "ChessBase"]
[SourceDate "2015.10.08"]
[SourceVersion "1"]
[SourceVersionDate "2015.10.08"]
[SourceQuality "1"]
[WhiteTeam "Baki Agrocentrum"]
[BlackTeam "Arboretum"]
[WhiteTeamCountry "HUN"]
[BlackTeamCountry "HUN"]

1. e4 e5 2. Nf3 Nc6 3. Bc4 d6 4. 0-0 Nf6 5. Ng5 d5 6. exd5 Nxd5 7. Qf3 Qxg5 8. Bxd5 Qg6 9. Bxc6+ Qxc6 10. Qxc6+ bxc6 11. Re1 Be6 12. Rxe5 Bd6 13. Re2 Kd7 14. d3 Rab8 15. b3 Rb5 16. Bb2 Rg5 17. Nd2 h5 18. Rae1 h4 19. Nf3 Rg6 20. c4 Bh3 21. g3 f6 22. d4 hxg3 23. fxg3 Bb4 24. Rd1 Bd6 25. Kf2 Bg4 26. c5 Be7 27. Rde1 Bd8 28. h4 Rgh6 29. Bc1 R6h7 30. Re4 Bf5 31. R4e3 Bg6 32. b4 Bf7 33. Ra3 Bd5 34. Rxa7 g5 35. hxg5 fxg5 36. g4 Rf7 37. Ra3 Rhf8 38. Ree3 Rf4 39. Kg3 Bxf3 40. Rxf3 Rxf3+ 41. Rxf3 1-0

[Event "HUN-chT2 Szechenyi 1314"]
[Site "Hungary"]
[Date "2013.11.03"]
[Round "4.6"]
[White "Egresi, Mate"]
[Black "Vas, Istvan"]
[Result "0-1"]
[WhiteElo "2086"]
[BlackElo "1967"]
[PlyCount "62"]
[EventDate "2013.09.08"]
[EventType "team-tourn"]
[EventRounds "11"]
[EventCountry "HUN"]
[SourceTitle "EXT 2016"]
[Source "ChessBase"]
[SourceDate "2015.10.08"]
[SourceVersion "1"]
[SourceVersionDate "2015.10.08"]
[SourceQuality "1"]
[WhiteTeam "Sarvar"]
[BlackTeam "Baki Agrocentrum"]
[WhiteTeamCountry "HUN"]
[BlackTeamCountry "HUN"]

1. d4 d5 2. c4 e6 3. Nf3 c6 4. e3 Bd6 5. Bd3 Nd7 6. Nbd2 Ne7 7. e4 e5 8. cxd5 cxd5 9. 0-0 0-0 10. exd5 exd4 11. Ne4 Ne5 12. Nxd6 Nxd3 13. Nxf7 Nxf2 14. Nh6+ gxh6 15. Rxf2 Qxd5 16. Bxh6 Rf7 17. Rd2 Nf5 18. Bf4 Qe4 19. Be5 b6 20. Bxd4 Nxd4 21. Rxd4 Qe3+ 22. Kh1 Bb7 23. Rd3 Qf2 24. Qb3 Raf8 25. Rg1 Kh8 26. Qc3+ Kg8 27. Rd4 h6 28. Rg4+ Kh7 29. Qd3+ Kh8 30. Qg6 Qe3 31. Re1 Qxe1+ 0-1

[Event "HUN-chT2 Szechenyi 1213"]
[Site "Hungary"]
[Date "2013.03.03"]
[Round "8.3"]
[White "Vas, Istvan"]
[Black "Huszar, Gabor"]
[Result "1/2-1/2"]
[WhiteElo "1958"]
[BlackElo "1927"]
[PlyCount "30"]
[EventDate "2012.09.16"]
[EventType "team-tourn"]
[EventRounds "11"]
[EventCountry "HUN"]
[SourceTitle "EXT 2014"]
[Source "ChessBase"]
[SourceDate "2013.11.20"]
[SourceVersion "1"]
[SourceVersionDate "2013.11.20"]
[SourceQuality "1"]
[WhiteTeam "Zalaegerszeg Bagi"]
[BlackTeam "Peti MTE"]
[WhiteTeamCountry "HUN"]
[BlackTeamCountry "HUN"]

1. e4 e5 2. Nf3 Nc6 3. Bc4 Bc5 4. c3 Nf6 5. d3 d6 6. 0-0 Bg4 7. b4 Bb6 8. a4 a5 9. b5 Ne7 10. Be3 Bxe3 11. fxe3 0-0 12. Qe1 Be6 13. Ba2 Ng6 14. Nbd2 Bxa2 15. Rxa2 d5 1/2-1/2

[Event "HUN-chT2 Szechenyi 0809"]
[Site "Hungary"]
[Date "2009.04.05"]
[Round "10.10"]
[White "Kovesi, Attila"]
[Black "Vas, Istvan"]
[Result "1/2-1/2"]
[WhiteElo "1783"]
[BlackElo "1959"]
[PlyCount "37"]
[EventDate "2008.10.26"]
[EventType "team-tourn"]
[EventRounds "11"]
[EventCountry "HUN"]
[SourceTitle "EXT 2010"]
[Source "ChessBase"]
[SourceDate "2010.11.25"]
[SourceVersion "1"]
[SourceVersionDate "2010.11.25"]
[SourceQuality "1"]
[WhiteTeam "Kervaros"]
[BlackTeam "Baki Agrocentrum"]
[WhiteTeamCountry "HUN"]
[BlackTeamCountry "HUN"]

1. e4 e5 2. Nf3 Nc6 3. Bc4 d6 4. Nc3 Bg4 5. h3 Bh5 6. d3 h6 7. Be3 g5 8. g4 Bg6 9. Qd2 Qd7 10. 0-0-0 Bg7 11. Rdg1 0-0-0 12. h4 f6 13. h5 Bf7 14. Nh2 a6 15. f3 Bxc4 16. dxc4 b6 17. Rd1 Nge7 18. Nf1 Na5 19. b3 1/2-1/2